000 00463nam a22001817a 4500
003 MPLRDC
005 20220104174929.0
008 210129b ||||| |||| 00| 0 eng d
020 _a967-9905-80-2
082 _a524.943 MUS v.2 1985
100 _aIBRAHIM MUSTAFA
245 _aSIRI RUJUKAN LENGKAP BAHASA MALAYSIA SPM
_c
250 _a第一版
260 _a
_bPUSTAKA YAKIN PELAJA
_c1985
300 _b
650 _a
942 _cBK
_o524.943 MUS v.2 1985
999 _c60111
_d60101